000 01110nam a2200253Ia 4500
003 OSt
005 20221002044215.0
006 a|||||r|||| 00| 0
007 ta
008 220930b |||||||| |||| 00| 0 hin d
020 _a8177142704 (hbk)
_c7500
024 _a104432
037 _bIN1037, 17/03/2011, Anamika Publishers & Distributors Pvt. Ltd.
_cReference Collections
040 _aCRL
_cCRL
_bhin
041 _2hin
_ahin
082 _aO152,6M83x, P7.1-.8(RR)
100 _aशुक्ल, रामचन्द्र
245 0 _aआचार्य रामचन्द्र शुक्ल ग्रन्थावली
260 _aनयी
_bदिल्ली प्रकाशन संस्थान
_c2007
490 _vभाग 1
700 _a ओमप्रकाश सिंह, संपा.
942 _hO152,6M83x, P7.1-.8(RR)
_cref
_2CC
999 _c909871
_d909871